|
|
|
|
| LEADER |
03836nam a2200529 4500 |
| 001 |
978-1-137-58594-3 |
| 003 |
DE-He213 |
| 005 |
20191026182227.0 |
| 007 |
cr nn 008mamaa |
| 008 |
180418s2018 xxk| s |||| 0|eng d |
| 020 |
|
|
|a 9781137585943
|9 978-1-137-58594-3
|
| 024 |
7 |
|
|a 10.1057/978-1-137-58594-3
|2 doi
|
| 040 |
|
|
|d GrThAP
|
| 050 |
|
4 |
|a HD5713-5713.62
|
| 072 |
|
7 |
|a KJMV2
|2 bicssc
|
| 072 |
|
7 |
|a BUS030000
|2 bisacsh
|
| 072 |
|
7 |
|a KJMV2
|2 thema
|
| 082 |
0 |
4 |
|a 658.3
|2 23
|
| 100 |
1 |
|
|a Dawson, Tricia.
|e author.
|4 aut
|4 http://id.loc.gov/vocabulary/relators/aut
|
| 245 |
1 |
0 |
|a Gender, Class and Power
|h [electronic resource] :
|b An Analysis of Pay Inequalities in the Workplace /
|c by Tricia Dawson.
|
| 250 |
|
|
|a 1st ed. 2018.
|
| 264 |
|
1 |
|a London :
|b Palgrave Macmillan UK :
|b Imprint: Palgrave Macmillan,
|c 2018.
|
| 300 |
|
|
|a XVI, 267 p. 6 illus.
|b online resource.
|
| 336 |
|
|
|a text
|b txt
|2 rdacontent
|
| 337 |
|
|
|a computer
|b c
|2 rdamedia
|
| 338 |
|
|
|a online resource
|b cr
|2 rdacarrier
|
| 347 |
|
|
|a text file
|b PDF
|2 rda
|
| 505 |
0 |
|
|a 1. Introduction,- 2. Theories of Discrimination -- 3. The Development of the Printing Industry: Workers' and Employers' Organisation -- 4. Missed Opportunities: The Failure of Union Solidarity in the Struggle for Control of the Labour Process -- 5. Gender or Skill: The Continuation of Segregated Work -- 6. Challenging Inequality: Employers and Unions -- 7. Wage Leadership: The Continuation of Unequal Pay -- 8. Conclusions.
|
| 520 |
|
|
|a 'This book, written by a former union officer turned academic, provides an extraordinarily detailed account of how gender inequalities became embedded in the print industry and failed to respond to formal policy efforts on the part of both employers and unions. It should be seen as a cautionary tale for employers and unions in other industries where gender segregation, undervaluation of women's skills and work, and gender pay gaps prevail.' Gill Kirton, Professor and Associate Dean for Research, School of Business and Management, Queen Mary University of London With a particular focus on the British printing industry, this book tackles the ongoing issue of pay inequality and examines the challenges facing many women today. By analysing organisation processes within the workplace, the author considers the unequal allocation of power resources that generate and sustain women's invisibility and argues that women's power is often outflanked by that of their male colleagues. Written by a skilled academic with direct industry experience, this new book is an insightful read for those researching human resource management (HRM), women's studies and diversity, as well as trade union officials and policy-makers.
|
| 650 |
|
0 |
|a Manpower policy.
|
| 650 |
|
0 |
|a Diversity in the workplace.
|
| 650 |
|
0 |
|a Economic sociology.
|
| 650 |
|
0 |
|a Sociology.
|
| 650 |
|
0 |
|a Business ethics.
|
| 650 |
1 |
4 |
|a Human Resource Development.
|0 http://scigraph.springernature.com/things/product-market-codes/517010
|
| 650 |
2 |
4 |
|a Diversity Management/Women in Business.
|0 http://scigraph.springernature.com/things/product-market-codes/517060
|
| 650 |
2 |
4 |
|a Organizational Studies, Economic Sociology.
|0 http://scigraph.springernature.com/things/product-market-codes/X22020
|
| 650 |
2 |
4 |
|a Gender Studies.
|0 http://scigraph.springernature.com/things/product-market-codes/X35000
|
| 650 |
2 |
4 |
|a Business Ethics.
|0 http://scigraph.springernature.com/things/product-market-codes/526000
|
| 710 |
2 |
|
|a SpringerLink (Online service)
|
| 773 |
0 |
|
|t Springer eBooks
|
| 776 |
0 |
8 |
|i Printed edition:
|z 9781137585936
|
| 776 |
0 |
8 |
|i Printed edition:
|z 9781349843763
|
| 776 |
0 |
8 |
|i Printed edition:
|z 9781349843756
|
| 856 |
4 |
0 |
|u https://doi.org/10.1057/978-1-137-58594-3
|z Full Text via HEAL-Link
|
| 912 |
|
|
|a ZDB-2-BUM
|
| 950 |
|
|
|a Business and Management (Springer-41169)
|